Normal view MARC view
  • Hussain, Sayed Waqar.

Entry Personal Name

Number of records used in: 4

001 - CONTROL NUMBER

  • control field: 3833

003 - CONTROL NUMBER IDENTIFIER

  • control field: NUST

005 - DATE AND TIME OF LATEST TRANSACTION

  • control field: 20170807134338.0

008 - FIXED-LENGTH DATA ELEMENTS

  • fixed length control field: 170807|| aca||aabn | a|a d

040 ## - CATALOGING SOURCE

  • Original cataloging agency: NUST
  • Transcribing agency: NUST

100 ## - HEADING--PERSONAL NAME

  • Personal name: Hussain, Sayed Waqar.

670 ## - SOURCE DATA FOUND

  • Source citation: Work cat.: (NUST)0: Hussain, Sayed Waqar., The impact of Afghan transit trade on NWFP's economy, 1999-2000 /, 2008.
© 2023 Central Library, National University of Sciences and Technology. All Rights Reserved.